| 000 | 00965nam a22002657a 4500 | ||
|---|---|---|---|
| 999 |
_c728 _d728 |
||
| 001 | 003373 | ||
| 003 | CoMeUDC003373 | ||
| 005 | 20190116174508.0 | ||
| 008 | 141120s1982 ag a gr 000 0 spa d | ||
| 020 | _a9501400352 | ||
| 040 |
_aCO-BoUEX _cCoMeUDC |
||
| 041 | 0 | _aspa | |
| 082 | 0 | 4 |
_a346.07 _bR763s _215 |
| 100 | 1 | _aRomero, José Ignacio | |
| 245 | 1 | 0 |
_aSociedades irregulares y de hecho / _cJosé Ignacio Romero ; prólogo de Héctor Cámara. |
| 260 |
_aBuenos Aires : _bDepalma, _c1982 |
||
| 300 |
_axviii, 296 páginas ; _c23 cm . |
||
| 504 | _aIncluye bibliografía | ||
| 505 | 0 | _aLa forma. El registro público de comercio. Sociedad irregular y sociedad de hecho. La sociedad tras el venciimiento del término. Concubinato y sociedad de hecho. Las sociedades de hecho y el régimen concursal. | |
| 650 | 1 | 4 | _aAsociaciones |
| 650 | 1 | 4 | _aSOCIEDADES DE HECHO |
| 650 | 1 | 4 | _aDerecho comercial |
| 700 | 1 |
_aCámara, Héctor, _eprólogo |
|
| 942 |
_2ddc _cBK |
||